LEADER 01592nam0 22003493i 450 001 VAN00255362 005 20251105094318.493 017 70$2N$a9783030980962 100 $a20230227d2022 |0itac50 ba 101 $aeng 102 $aCH 105 $a|||| ||||| 181 $ai$b e 182 $ab 183 $acr 200 1 $aAdvances in Geospatial Data Science$eSelected Papers from the International Conference on Geospatial Information Sciences 2021$feditors Rodrigo Tapia-McClung ... [et al.] 210 $aCham$cSpringer$d2022 215 $aXIV, 205 p.$cill.$d24 cm 410 1$1001VAN00236813$12001 $aLecture Notes in Geoinformation and Cartography$1210 $aCham$cSpringer$d2008- 620 $aCH$dCham$3VANL001889 676 $a910$cGeografia generale$v22 676 $a670.285$cApplicazioni del computer$v22 702 1$aTapia-McClung$bRodrigo$3VANV208377 712 $aSpringer $3VANV108073$4650 801 $aIT$bSOL$c20251107$gRICA 856 4 $uhttps://link.springer.com/book/10.1007/978-3-030-98096-2$zE-book - Accesso al full-text attraverso riconoscimento IP di Ateneo, proxy e/o Shibboleth 899 $aBIBLIOTECA DEL DIPARTIMENTO DI SCIENZE E TECNOLOGIE AMBIENTALI BIOLOGICHE E FARMACEUTICHE$1IT-CE0101$2VAN17 912 $fN 912 $aVAN00255362 950 $aBIBLIOTECA DEL DIPARTIMENTO DI SCIENZE E TECNOLOGIE AMBIENTALI BIOLOGICHE E FARMACEUTICHE$d17CONS e-book 2307 $e17BIB2307/277 277 20230227 $sBuono 996 $aAdvances in Geospatial Data Science$92851047 997 $aUNICAMPANIA